[Event "St Petersburg vs. Moscow"]
[Site "St Petersburg RUS"]
[Date "2003.05.05"]
[Round "2"]
[White "Martynov,P"]
[Black "Grachev,B"]
[Result "1/2-1/2"]
[WhiteElo "2438"]
[BlackElo "2483"]
[EventDate "2003.05.03"]

1. d4 d5 2. Nf3 e6 3. c3 Nf6 4. Bg5 c5 5. e3 Nc6 6. Bd3 Be7 7. Nbd2 h6 8.
Bf4 Bd6 9. Bg3 Bxg3 10. hxg3 Qd6 11. Qe2 O-O 12. O-O-O e5 13. dxe5 Nxe5 14.
Nxe5 Qxe5 15. Rh4 Re8 16. Rdh1 Bf5 17. Bxf5 Qxf5 18. Rf4 Qe6 19. Kb1 Rad8
20. Qd3 Ne4 21. g4 Rd6 22. Rd1 Nf6 23. Qf5 g5 24. Ra4 a6 25. Nb3 Rc6 26.
Qxe6 Rexe6 27. Ra5 b6 28. Rxa6 Nxg4 29. Rxd5 Nxf2 30. a4 Ng4 31. e4 Ne3 32.
a5 bxa5 33. Rxc6 Rxc6 34. Nxa5 Nxd5 35. Nxc6 Ne3 36. b4 cxb4 37. cxb4 Kf8
38. b5 Nc4 39. Ka2 Ke8 40. Kb3 Nd6 41. Kb4 Nxe4 42. b6 Nd6 43. Kc5 Nb7+ 44.
Kd5 h5 45. Ke5 h4 46. Kf5 f6 47. Kxf6 g4 48. Ne5 h3 1/2-1/2

[Event "St Petersburg vs. Moscow"]
[Site "St Petersburg RUS"]
[Date "2003.05.05"]
[Round "2"]
[White "Prizant,Ja"]
[Black "Anisimov,P"]
[Result "1/2-1/2"]
[WhiteElo "2475"]
[BlackElo "2444"]
[EventDate "2003.05.03"]

1. d4 d5 2. c4 dxc4 3. e3 Nf6 4. Bxc4 e6 5. Nf3 a6 6. O-O c5 7. Bb3 Nc6 8.
Nc3 cxd4 9. exd4 Be7 10. Re1 O-O 11. a3 b5 12. d5 exd5 13. Nxd5 Nxd5 14.
Bxd5 Bb7 15. Bf4 Bf6 16. Rc1 Rc8 17. b4 Ba8 1/2-1/2

[Event "St Petersburg vs. Moscow"]
[Site "St Petersburg RUS"]
[Date "2003.05.05"]
[Round "2"]
[White "Vitiugov,N"]
[Black "Mukhametov,E"]
[Result "1-0"]
[WhiteElo "2447"]
[BlackElo "2475"]
[EventDate "2003.05.03"]

1. d4 d5 2. c4 c6 3. Nc3 Nf6 4. e3 g6 5. Bd3 Bg7 6. h3 O-O 7. Nf3 Nbd7 8.
O-O dxc4 9. Bxc4 b6 10. e4 Bb7 11. e5 Nd5 12. Nxd5 cxd5 13. Bd3 Nb8 14. h4
Nc6 15. h5 Bc8 16. Ng5 h6 17. hxg6 fxg6 18. Bxg6 hxg5 19. Qh5 Rf4 20. Bxf4
gxf4 21. Bf7+ Kf8 22. e6 1-0

[Event "St Petersburg vs. Moscow"]
[Site "St Petersburg RUS"]
[Date "2003.05.05"]
[Round "2"]
[White "Gabrielian,A"]
[Black "Lukin,A"]
[Result "1/2-1/2"]
[WhiteElo "2470"]
[BlackElo "2434"]
[EventDate "2003.05.03"]

1. e4 e5 2. Nf3 Nc6 3. Bb5 Nd4 4. Nxd4 exd4 5. O-O Bc5 6. c3 c6 7. Bc4 d6
8. d3 Nf6 9. Nd2 O-O 10. Bb3 d5 11. e5 Bg4 12. Qc2 Nd7 13. c4 Nxe5 14. cxd5
Bb6 15. f4 Ng6 16. dxc6 Rc8 17. Nc4 Rxc6 18. h3 Be6 19. Qf2 Bc7 20. a4 Bf5
21. Rd1 h5 22. Bc2 Re8 23. Rf1 Rxc4 24. dxc4 d3 25. Bd1 Re4 26. Kh1 Nxf4
27. Bf3 Rxc4 28. Bxf4 Bxf4 29. Bxb7 Bg6 30. Rad1 Bb8 31. g3 Rxa4 32. Qg2
Qd6 33. Rf3 1/2-1/2

[Event "St Petersburg vs. Moscow"]
[Site "St Petersburg RUS"]
[Date "2003.05.05"]
[Round "2"]
[White "Shchukin,D"]
[Black "Akhmetov,A"]
[Result "0-1"]
[WhiteElo "2419"]
[BlackElo "2463"]
[EventDate "2003.05.03"]

1. d4 d5 2. c4 e6 3. Nc3 Nf6 4. cxd5 exd5 5. Bg5 Be7 6. e3 c6 7. Bd3 Nbd7
8. Qc2 O-O 9. Nge2 Re8 10. O-O Nf8 11. Bxf6 Bxf6 12. b4 Qd6 13. b5 Bd8 14.
bxc6 bxc6 15. Ng3 g6 16. Rfc1 h5 17. Na4 h4 18. Nf1 Re6 19. Nc5 Re7 20.
Rab1 Nh7 21. e4 Qf4 22. Qd2 Bc7 23. Qxf4 Bxf4 24. Re1 Kf8 25. Ne3 Nf6 26.
e5 Ng4 27. Nxg4 Bxg4 28. Rb2 Kg7 29. g3 Bh6 30. f4 Rae8 31. Kg2 f6 32. e6
h3+ 33. Kf2 f5 34. Reb1 g5 35. fxg5 Bxg5 36. Rb8 Bf6 37. Ke3 Bg5+ 38. Kf2
Rxb8 39. Rxb8 f4 40. a4 Bf6 41. gxf4 Bxd4+ 42. Kg3 Bd1 43. Rb1 Bh5 44. Nb3
Be3 45. Kh4 Bf3 46. Kg3 Bg2 47. Bf5 Kf6 48. Re1 Bb6 49. Bxh3 Bxh3 50. Kxh3
Rxe6 51. Rxe6+ Kxe6 52. Kg4 a5 53. f5+ Kf6 54. h4 c5 55. h5 c4 56. Nc1 Be3
57. Ne2 Ke5 58. Kf3 Bh6 59. Nc3 d4 60. Ne4 c3 61. Nf2 Kxf5 0-1

[Event "St Petersburg vs. Moscow"]
[Site "St Petersburg RUS"]
[Date "2003.05.05"]
[Round "2"]
[White "Dragomarezkij,E"]
[Black "Praslov,A"]
[Result "1/2-1/2"]
[WhiteElo "2454"]
[BlackElo "2417"]
[EventDate "2003.05.03"]

1. d4 d5 2. c4 dxc4 3. Nf3 Nf6 4. Qa4+ Nc6 5. e3 Nd7 6. Qxc4 e5 7. Nxe5
Ndxe5 8. dxe5 Nxe5 9. Qb5+ Nc6 10. Bd2 Bd6 11. Bc3 O-O 12. Nd2 Qe7 13. Be2
Be5 14. Rc1 Rd8 15. Nf3 Bf6 16. O-O Rb8 17. a3 Bd7 18. Qh5 Be8 19. Bc4 Bxc3
20. Rxc3 Rd6 21. h3 Rbd8 22. Be2 Rd5 23. Qg4 Ne5 24. Qf4 Bb5 25. Bxb5 Rxb5
26. Nd4 Rbd5 27. b4 c6 28. Rfc1 a6 29. Qe4 g6 30. Rc5 f5 31. Qc2 Nf7 32.
Rxd5 Rxd5 33. Nb3 Nd6 34. Nc5 Ne4 35. Nxe4 fxe4 36. Qb3 Kg7 37. Qc3+ Qf6
38. Qc2 Rd3 39. a4 Qe5 40. Qc4 Rd5 41. Rb1 g5 42. Qe2 Kg6 43. h4 h5 44.
hxg5 Kxg5 45. Rd1 Qd6 46. Rxd5+ Qxd5 47. Qb2 Kg6 48. a5 Qd1+ 49. Kh2 Qd6+
50. g3 h4 51. Qb3 hxg3+ 52. fxg3 Qd2+ 53. Kh3 Kg7 54. Kg4 Qf2 55. Qd1 Qxe3
56. Qd7+ Kg6 57. Qd6+ Kg7 58. Kf5 Qf3+ 59. Qf4 Kf7 60. g4 Kg7 61. Kg5 Qd3
1/2-1/2

[Event "St Petersburg vs. Moscow"]
[Site "St Petersburg RUS"]
[Date "2003.05.05"]
[Round "2"]
[White "Gavrilov,Al"]
[Black "Shushpanov,V"]
[Result "1/2-1/2"]
[WhiteElo "2450"]
[BlackElo "2395"]
[EventDate "2003.05.03"]

1. e4 c5 2. c3 g6 3. d4 cxd4 4. cxd4 d5 5. e5 Bg7 6. Nc3 Nh6 7. Bf4 Nc6 8.
Bb5 f6 9. Qa4 Bd7 10. Nxd5 O-O 11. e6 Be8 12. Nc7 a6 13. d5 Ne5 14. Bxe8
Qxc7 15. Bf7+ Nhxf7 16. exf7+ Rxf7 17. Rd1 b5 18. Qb3 Nd3+ 19. Rxd3 Qxf4
20. Ne2 Qe4 21. f3 Qe5 22. f4 Qe4 23. Kf2 f5 24. Rhd1 Qc4 25. Qxc4 bxc4 26.
R3d2 Rff8 27. Rc2 Rfd8 28. Rxc4 Bxb2 29. Rc6 a5 30. a4 Ra7 31. Rc5 e6 32.
Rb5 Bg7 33. Ke3 exd5 34. Rdxd5 Re8+ 35. Kf3 Re4 36. Rxa5 Rxa4 37. Rd8+ Kf7
38. Rxa4 Rxa4 39. Rd7+ Kg8 1/2-1/2

[Event "St Petersburg vs. Moscow"]
[Site "St Petersburg RUS"]
[Date "2003.05.05"]
[Round "2"]
[White "Polyaninov,A"]
[Black "Ulko,J"]
[Result "1/2-1/2"]
[WhiteElo "2398"]
[BlackElo "2446"]
[EventDate "2003.05.03"]

1. e4 c5 2. Nf3 e6 3. d3 Nc6 4. g3 g6 5. Bg2 Bg7 6. c3 e5 7. O-O Nge7 8.
Be3 d6 9. d4 exd4 10. cxd4 Bg4 11. d5 Nd4 12. Nbd2 O-O 13. Bxd4 Bxd4 14.
Qb3 Bg7 15. Qxb7 Rb8 16. Qxa7 Rxb2 17. Nc4 Rb4 18. Rac1 Nc8 19. Qa3 Nb6 20.
Qd3 Bh6 21. Rc2 Bc8 22. Na5 Qe8 23. Re1 Qa4 24. a3 Rb5 25. Nc6 Re8 26. Qd1
f6 27. Nd2 Qxa3 28. Bf1 Rb2 29. Qc1 Bxd2 30. Rxd2 Rb3 31. Qxa3 Rxa3 32. Rb2
Na4 33. Rb8 Bd7 34. Rxe8+ Bxe8 35. Ne7+ Kf8 36. Nc8 Nc3 37. Nxd6 Bd7 38.
Nc4 Ra2 39. f4 Bg4 40. Ne3 Bf3 41. e5 fxe5 42. fxe5 Nxd5 43. Bc4 Rd2 44.
Rf1 Nxe3 45. Rxf3+ Nf5 46. g4 Rd4 47. gxf5 Rxc4 48. fxg6+ Kg7 49. gxh7 Re4
50. Rf7+ Kh8 51. Re7 c4 52. Kf2 c3 53. Rc7 1/2-1/2

[Event "St Petersburg vs. Moscow"]
[Site "St Petersburg RUS"]
[Date "2003.05.05"]
[Round "2"]
[White "Dobrov,V"]
[Black "Kashtanov,R"]
[Result "1-0"]
[WhiteElo "2443"]
[BlackElo "2369"]
[EventDate "2003.05.03"]

1. d4 e6 2. c4 Nf6 3. Nf3 c5 4. d5 exd5 5. cxd5 d6 6. Nc3 g6 7. Bf4 a6 8.
e4 Bg4 9. a4 Qe7 10. Bd3 Nbd7 11. O-O Bg7 12. Be2 Bxf3 13. Bxf3 O-O 14. Rb1
c4 15. Re1 Rab8 16. b3 cxb3 17. Qxb3 Rfc8 18. Qa3 Ne5 19. Be2 Nfd7 20. Nd1
Nc5 21. Bf1 Qc7 22. Bd2 Re8 23. a5 Qe7 24. Rb4 h5 25. Ne3 Qc7 26. Rc1 Ned7
27. g3 Qd8 28. Bg2 Ne5 29. Rf1 Qc7 30. Rbb1 Ned7 31. Rbc1 Qd8 32. f3 Ne5
33. Bc3 b5 34. Rcd1 Qc7 35. Kh1 h4 36. gxh4 Qe7 37. h5 Qh4 38. hxg6 fxg6
39. Be1 Qh6 40. f4 Nf7 41. e5 b4 42. Qc1 Rec8 43. Ng4 Qh5 44. Bf3 Qh3 45.
Ne3 Nh6 46. Bg2 Qh5 47. Qc4 b3 48. exd6 b2 49. Bb4 Nd7 50. Qxa6 Re8 51. Bd2
Nc5 52. Qc4 Nb3 53. d7 Red8 54. Be4 Nxd2 55. Rxd2 Qh3 56. d6+ Kh8 57. Qe2
Rb3 58. Nd5 Nf5 59. Kg1 Bd4+ 60. Rxd4 Nxd4 61. Qc4 Nf3+ 62. Bxf3 b1=Q 63.
Qd4+ Kh7 64. Bg2 Qhf5 65. Qe5 1-0

[Event "St Petersburg vs. Moscow"]
[Site "St Petersburg RUS"]
[Date "2003.05.05"]
[Round "2"]
[White "Biriukov,O"]
[Black "Dvalishvili,P"]
[Result "1/2-1/2"]
[WhiteElo "2369"]
[BlackElo "2440"]
[EventDate "2003.05.03"]

1. d4 Nf6 2. c4 e6 3. Nc3 Bb4 4. Qc2 c5 5. dxc5 Qc7 6. Nf3 Na6 7. Bd2 O-O
8. a3 Bxc5 9. b4 Be7 10. e3 d6 11. Bd3 Bd7 12. O-O Rac8 13. e4 Qb8 14. Qb3
Nc7 15. e5 dxe5 16. Nxe5 Rfd8 17. Bg5 Be8 18. Rfe1 Nfd5 19. Bxe7 Nxe7 20.
Qc2 h6 21. Qe2 f6 22. Nf3 e5 23. c5 Bf7 24. Rad1 Ne6 25. Bc4 Rxd1 26. Rxd1
Rd8 27. g3 Kf8 28. Rxd8+ Nxd8 29. Bxf7 Nxf7 30. Qd3 Qd8 31. Qxd8+ Nxd8 32.
Kf1 Kf7 33. Ke2 Ke6 34. Kd3 Nd5 35. Nxd5 Kxd5 36. Nh4 e4+ 37. Kc3 Nf7 38.
Nf5 g5 39. Ne7+ Ke6 40. c6 bxc6 41. Nxc6 Kd5 42. Nxa7 Ne5 43. a4 Ng4 44. b5
Nxf2 45. b6 e3 46. b7 Ne4+ 47. Kd3 Nc5+ 48. Kxe3 Nxb7 49. Nb5 f5 50. Nc3+
Ke5 51. Ne2 Na5 52. Kd3 Kd5 53. Nd4 f4 54. gxf4 gxf4 55. Nf5 h5 56. h4 Nc6
57. Ng7 Ne5+ 58. Ke2 Ng6 59. Nxh5 Nxh4 60. Nxf4+ 1/2-1/2

[Event "St Petersburg vs. Moscow"]
[Site "St Petersburg RUS"]
[Date "2003.05.05"]
[Round "2"]
[White "Turikov,V"]
[Black "Kiselev,S"]
[Result "0-1"]
[WhiteElo "2370"]
[BlackElo "2421"]
[EventDate "2003.05.03"]

1. Nf3 Nf6 2. d4 e6 3. e3 b6 4. Bd3 Bb7 5. O-O c5 6. c4 Be7 7. Nc3 cxd4 8.
exd4 d5 9. cxd5 Nxd5 10. Ne5 O-O 11. Re1 Nd7 12. Qh5 g6 13. Qh3 Nxe5 14.
dxe5 Nxc3 15. bxc3 Qc7 16. Bh6 Rfd8 17. Rac1 Rd5 18. Qg3 Rad8 19. Be4 Ra5
20. Bxb7 Qxb7 21. Bg5 Rxa2 22. h4 Bxg5 23. Qxg5 Rdd2 24. Rf1 h5 25. c4 Rd4
26. Rc3 Qe4 27. g3 Qe2 28. Qf6 Rd1 29. Rxd1 Qxd1+ 30. Kh2 Ra1 31. Qf3 Qg1+
32. Kh3 Ra2 33. Qg2 Qxf2 34. Qxf2 Rxf2 35. Ra3 Re2 36. Rxa7 Rxe5 37. Rb7
Rc5 38. Rxb6 Rxc4 0-1

[Event "St Petersburg vs. Moscow"]
[Site "St Petersburg RUS"]
[Date "2003.05.05"]
[Round "2"]
[White "Vulfson,V"]
[Black "Matlakov,M"]
[Result "1-0"]
[WhiteElo "2417"]
[BlackElo "2319"]
[EventDate "2003.05.03"]

1. d4 d5 2. c4 c6 3. Nf3 e6 4. e3 Nf6 5. Bd3 Nbd7 6. O-O Bd6 7. Nbd2 O-O 8.
e4 dxe4 9. Nxe4 Nxe4 10. Bxe4 f5 11. Bc2 b6 12. Re1 Nf6 13. Bd2 Re8 14. Bc3
Bb7 15. Qe2 c5 16. Rad1 Qc7 17. Ne5 Ne4 18. Nf3 Rad8 19. h3 cxd4 20. Bxd4
e5 21. Be3 f4 22. Bxb6 Qxb6 23. Bxe4 Bxe4 24. Qxe4 Bc5 25. Ng5 Bxf2+ 26.
Kh1 g6 27. c5 Qxc5 28. Rxd8 Rxd8 29. Qb7 Qc4 30. Qxh7+ Kf8 31. Qh8+ Ke7 32.
Qg7+ Kd6 33. Qxe5+ Kc6 34. b3 Qd5 35. Rc1+ Kb7 36. Qxf4 Bb6 37. Qf3 a5 38.
Qxd5+ Rxd5 39. Nf3 Bc7 40. Kg1 Bg3 41. Kf1 Kb6 42. Ke2 Rd6 43. Rc4 Re6+ 44.
Kd3 Bf2 45. Rg4 Bc5 46. Nh4 Re3+ 47. Kd2 g5 48. Rxg5 Re4 49. Nf3 a4 50. Re5
Rb4 51. Kc3 a3 52. Re6+ Kb5 53. g3 Ka5 54. Nd2 Rb8 55. Re5 Kb6 56. b4 Bf2
57. Ne4 Be1+ 58. Kc4 Rf8 59. Re6+ Kc7 60. b5 1-0

[Event "St Petersburg vs. Moscow"]
[Site "St Petersburg RUS"]
[Date "2003.05.05"]
[Round "2"]
[White "Osnos,V"]
[Black "Kremenietsky,AnM"]
[Result "1/2-1/2"]
[WhiteElo "2384"]
[BlackElo "2381"]
[EventDate "2003.05.03"]

1. d4 Nf6 2. Nf3 d5 3. c4 c6 4. Nc3 dxc4 5. a4 Bf5 6. e3 e6 7. Bxc4 Nbd7 8.
O-O Bb4 9. Qe2 Ne4 10. Nxe4 Bxe4 11. Bd3 Bxd3 12. Qxd3 Qe7 13. Bd2 Bxd2 14.
Qxd2 O-O 15. Qc3 c5 1/2-1/2

[Event "St Petersburg vs. Moscow"]
[Site "St Petersburg RUS"]
[Date "2003.05.05"]
[Round "2"]
[White "Bebchuk,E"]
[Black "Bukhman,E"]
[Result "1/2-1/2"]
[WhiteElo "2310"]
[BlackElo "2371"]
[EventDate "2003.05.03"]

1. e4 e6 2. d4 d5 3. Nc3 Bb4 4. e5 c5 5. Bd2 Ne7 6. Nb5 Bxd2+ 7. Qxd2 O-O
8. dxc5 Nd7 9. f4 Nxc5 10. Bd3 Qb6 11. O-O-O Bd7 12. Nd4 Rfc8 13. Nge2 Nc6
14. Kb1 Nxd4 15. Nxd4 Na4 16. Nb3 a5 17. Rhe1 Bb5 18. Qe3 Rc6 19. g4
1/2-1/2

[Event "St Petersburg vs. Moscow"]
[Site "St Petersburg RUS"]
[Date "2003.05.05"]
[Round "2"]
[White "Matveeva,S"]
[Black "Stjazhkina,O"]
[Result "1-0"]
[WhiteElo "2474"]
[BlackElo "2313"]
[EventDate "2003.05.03"]

1. d4 d5 2. c4 dxc4 3. Nf3 a6 4. e3 Bg4 5. Bxc4 e6 6. h3 Bh5 7. Nbd2 Nf6 8.
O-O Nc6 9. b3 Bd6 10. Bb2 O-O 11. Be2 Qe7 12. Nc4 Rfd8 13. Rc1 Rac8 14. a3
Ne4 15. b4 f5 16. d5 Nb8 17. Nd4 Bf7 18. dxe6 Bxe6 19. Qc2 Kh8 20. Na5 c5
21. Nxe6 Qxe6 22. Nxb7 Bh2+ 23. Kxh2 Rd2 24. Qc4 Qxc4 25. Bxc4 Rxb2 26. Be6
Re8 27. Nxc5 Nxf2 28. Bxf5 g6 29. Rc2 1-0

[Event "St Petersburg vs. Moscow"]
[Site "St Petersburg RUS"]
[Date "2003.05.05"]
[Round "2"]
[White "Korbut,E"]
[Black "Grabuzova,T"]
[Result "1/2-1/2"]
[WhiteElo "2312"]
[BlackElo "2375"]
[EventDate "2003.05.03"]

1. e4 e6 2. d4 d5 3. Nc3 Bb4 4. Nge2 dxe4 5. a3 Be7 6. Nxe4 Nf6 7. N2g3 O-O
8. c3 Nbd7 9. Bd3 e5 10. O-O exd4 11. cxd4 Nb6 12. Be3 Nbd5 13. Bd2 Nxe4
14. Nxe4 Nf6 15. Bc3 c6 16. Re1 Nxe4 17. Bxe4 Be6 18. Qd3 h6 19. Rad1 Bf6
20. d5 Bxd5 21. Bxd5 cxd5 22. Bxf6 Qxf6 23. Qb5 b6 24. Rxd5 Rac8 25. Rf5
Qd4 26. g3 Rc2 27. Rf4 Qd2 1/2-1/2

[Event "St Petersburg vs. Moscow"]
[Site "St Petersburg RUS"]
[Date "2003.05.05"]
[Round "2"]
[White "Manakova,M"]
[Black "Bystryakova,E"]
[Result "0-1"]
[WhiteElo "2365"]
[BlackElo "2197"]
[EventDate "2003.05.03"]

1. d4 Nf6 2. Nf3 g6 3. g3 Bg7 4. Bg2 O-O 5. O-O d6 6. c4 Nbd7 7. Nc3 e5 8.
e4 a6 9. b3 b5 10. dxe5 dxe5 11. cxb5 axb5 12. Qc2 Bb7 13. Nd2 c6 14. Bb2
Qb6 15. Rfd1 Nc5 16. h3 Ne6 17. Ne2 Nh5 18. Nf3 Qc7 19. Nc3 f5 20. exf5
gxf5 21. Qe2 e4 22. Nh4 Nxg3 23. fxg3 Qxg3 24. Qe1 Qxe1+ 25. Rxe1 Bd4+ 26.
Kh1 Bf2 27. Rg1 Bxh4 28. Bxe4+ Ng5 29. Bf3 h6 30. Nxb5 Rad8 31. Na3 Rd2 32.
Nc4 Rf2 33. Bg2 Kh7 34. Raf1 Rc2 35. Rc1 Re2 36. Nd6 Rxb2 37. Nxb7 f4 38.
Bxc6 Nxh3 39. Rg2 Nf2+ 40. Kg1 Rg8 41. a4 Bg3 42. Be4+ Kg7 43. Nd6 Kf6 44.
Bc2 f3 45. Rxg3 Rxg3+ 46. Kxf2 Rxc2+ 47. Rxc2 Rg2+ 48. Kxf3 Rxc2 49. b4 Ke6
50. Ne4 Rc4 51. Nc5+ Kd5 52. Nd7 Rxb4 53. a5 Kd6 54. Nf6 Ke6 55. Ne4 Ke5
56. Nc5 Rb5 57. Nd7+ Ke6 58. Nf8+ Kf7 59. Nd7 Rxa5 60. Kg4 Rb5 61. Kf4 Kg6
62. Ne5+ Rxe5 0-1

[Event "St Petersburg vs. Moscow"]
[Site "St Petersburg RUS"]
[Date "2003.05.05"]
[Round "2"]
[White "Sudakova,I"]
[Black "Zaitseva,L"]
[Result "1/2-1/2"]
[WhiteElo "2277"]
[BlackElo "2335"]
[EventDate "2003.05.03"]

1. e4 e6 2. d4 d5 3. Nd2 Nf6 4. e5 Nfd7 5. Bd3 c5 6. c3 Nc6 7. Ne2 cxd4 8.
cxd4 f6 9. exf6 Nxf6 10. O-O Bd6 11. Nf3 Qc7 12. Bg5 O-O 13. Bh4 g6 14. Rc1
Qg7 15. Bg3 Bxg3 16. hxg3 Ng4 17. Bb5 Bd7 18. Nf4 g5 19. Bxc6 gxf4 20. Bxd7
Qxd7 21. Ng5 e5 22. dxe5 Nxe5 23. Qh5 fxg3 24. fxg3 Ng6 25. Rxf8+ Rxf8 26.
Rd1 Rf6 27. Nf3 Rf5 28. Qh3 Rf7 29. Qh6 Qd6 30. Qg5 Qb6+ 31. Kh1 Qxb2 32.
Qxd5 h6 33. Qh5 Kg7 34. Rd6 Qb1+ 35. Kh2 Qf5 36. Qxf5 Rxf5 37. Nh4 Nxh4 38.
gxh4 Rf7 39. h5 1/2-1/2